| 000 | 00459nam a2200157Ia 4500 | ||
|---|---|---|---|
| 008 | 151021s9999 xx 000 0 und d | ||
| 020 | _a73814644 | ||
| 050 | _aZ 52.5 .M52R944 2002 | ||
| 245 | _a_Microsoft word 2002 expert cetification Nita Rutkosky | ||
| 260 | _aWashington Paradigm 2002 | ||
| 300 | _aE319p.;ill | ||
| 500 | _aIncludes index. | ||
| 500 | _aIncludes index. | ||
| 650 | _a_Microsoft word 2002 | ||
| 980 | _a^d20120830 01:34:41^oanne | ||
| 999 |
_c12705 _d12705 |
||